[Event "TCh-FRA Top 12 2021"]
[Site "Chalons en Champagne FRA"]
[Date "2021.07.01"]
[Round "8.1"]
[Board "2"]
[White "Mamedov, Rauf"]
[Black "Hamitevici, Vladimir"]
[Result "1/2-1/2"]
[WhiteTitle "GM"]
[BlackTitle "GM"]
[WhiteElo "2654"]
[BlackElo "2456"]
[WhiteTeam "C'Chartres Echecs"]
[BlackTeam "Vandoeuvre Echecs"]
[WhiteFideId "13401653"]
[BlackFideId "13902393"]
[EventDate "2021.06.24"]

1. e4 e5 2. Nf3 Nc6 3. Bc4 Bc5 4. c3 Nf6 5. d3 d6 6. Nbd2 a6 7. Bb3 O-O 8. h3 h6
9. g4 Be6 10. g5 hxg5 11. Nxg5 Bxb3 12. Nxb3 Bb6 13. Rg1 g6 14. Nd2 Kg7 15. Nf1
Rh8 16. Qf3 Qe7 17. Be3 Nd7 18. Bxb6 Nxb6 19. Ne3 Qf6 20. Qg4 Nd8 21. O-O-O Ne6
22. Nxe6+ Qxe6 23. Qxe6 fxe6 24. Rg3 Raf8 25. Rdg1 Rf6 26. d4 exd4 27. cxd4 Nd7
28. f3 Rh5 29. Kd2 Nf8 30. Ke2 Ra5 31. Ra1 Rb5 32. b3 Rf4 33. Rc1 Rf7 34. d5
exd5 35. Nxd5 c6 36. Ne3 Ra5 37. a4 d5 38. Rcg1 dxe4 39. fxe4 Re5 40. Rg4 Rfe7
41. Kd3 Rd7+ 42. Kc3 b5 43. Nf5+ Kf7 44. Nd4 bxa4 45. bxa4 Rc5+ 46. Kb4 Rh5 47.
Nxc6 Rb7+ 48. Ka3 Rxh3+ 49. R4g3 Rxg3+ 50. Rxg3 Ne6 51. Ne5+ Kf6 52. Nxg6 Rg7
53. e5+ Kf5 54. Rf3+ Kxg6 55. Rf6+ Kg5 56. Rxe6 Kf5 57. Rxa6 Kxe5 58. Kb4 Kd5
59. Kb5 Rg1 60. Rb6 Rb1+ 61. Ka6 Ra1 62. a5 Kc5 63. Rh6 Ra2 64. Rh1 Kc6 65. Rc1+
Kd7 66. Rc5 Rb2 67. Ka7 Rb1 68. Rh5 Ra1 69. a6 Rb1 70. Rh7+ Kc8 71. Rh8+ Kc7 72.
Rh6 Rb2 73. Rh7+ Kc8 74. Rh1 Kc7 75. Rc1+ Kd7 76. Rc5 Rb1 77. Rh5 Kc7 78. Rf5
Rb2 79. Rf7+ Kc8 80. Rb7 Ra2 81. Rb6 Kc7 82. Rb7+ Kc8 83. Rb5 Kc7 84. Rc5+ Kd6
85. Rc8 Ra1 86. Kb7 Rb1+ 87. Ka8 Kd7 88. Rb8 Ra1 89. Rb6 Kc7 90. Rg6 Rb1 91. Ka7
Rb3 92. Rg7+ Kc8 93. Rb7 Ra3 94. Rb6 Kc7 95. Rb7+ Kc8 96. Kb6 Rb3+ 97. Kc6 Rxb7
98. axb7+ Kb8 99. Kd5 Kxb7 1/2-1/2

[Event "TCh-FRA Top 12 2021"]
[Site "Chalons en Champagne FRA"]
[Date "2021.07.01"]
[Round "8.1"]
[Board "3"]
[White "Solodovnichenko, Yuri"]
[Black "Guliyev, Namig"]
[Result "1-0"]
[WhiteTitle "GM"]
[BlackTitle "GM"]
[WhiteElo "2546"]
[BlackElo "2551"]
[WhiteTeam "Vandoeuvre Echecs"]
[BlackTeam "C'Chartres Echecs"]
[WhiteFideId "14104369"]
[BlackFideId "13400363"]
[EventDate "2021.06.24"]

1. e4 e5 2. Nf3 Nf6 3. d4 Nxe4 4. dxe5 Bc5 5. Bc4 Nxf2 6. Bxf7+ Kxf7 7. Qd5+ Kg6
8. Qxc5 Nxh1 9. Nc3 h6 10. Qc4 Kh7 11. Qe4+ Kg8 12. Qd5+ Kh7 13. Qe4+ Kg8 14.
Qd5+ Kh7 15. Ne4 Rf8 16. Neg5+ hxg5 17. Nxg5+ Kg6 18. Qe4+ Rf5 19. g4 d6 20.
gxf5+ Bxf5 21. Qh4 Qg8 22. Bd2 Nc6 23. O-O-O Qh8 24. Qf4 Qh5 25. Rg1 Rg8 26.
Nf3+ Kf7 27. Rg5 Qh3 28. Ng1 Qh7 29. Rxf5+ Ke6 30. Nf3 Qg6 31. Ng5+ Ke7 32. e6
d5 1-0

[Event "TCh-FRA Top 12 2021"]
[Site "Chalons en Champagne FRA"]
[Date "2021.07.01"]
[Round "8.1"]
[Board "4"]
[White "Bauer, Christian"]
[Black "Savina, Anastasia"]
[Result "1-0"]
[WhiteTitle "GM"]
[BlackTitle "IM"]
[WhiteElo "2639"]
[BlackElo "2333"]
[WhiteTeam "C'Chartres Echecs"]
[BlackTeam "Vandoeuvre Echecs"]
[WhiteFideId "603767"]
[BlackFideId "4196872"]
[EventDate "2021.06.24"]

1. d4 Nf6 2. Nf3 d5 3. g3 Bf5 4. c4 e6 5. Nc3 c6 6. Qb3 Qb6 7. c5 Qc7 8. Bf4 Qc8
9. Nh4 Nbd7 10. Nxf5 exf5 11. f3 Be7 12. Bh3 g6 13. O-O O-O 14. Rae1 b6 15. cxb6
axb6 16. e4 fxe4 17. fxe4 Nc5 18. Bxc8 Nxb3 19. exd5 Bb4 20. Bb7 Nxd4 21. Bxa8
Rxa8 22. Be5 Bc5 23. Bxf6 1-0

[Event "TCh-FRA Top 12 2021"]
[Site "Chalons en Champagne FRA"]
[Date "2021.07.01"]
[Round "8.1"]
[Board "5"]
[White "Brunner, Nicolas"]
[Black "Medvegy, Zoltan"]
[Result "1/2-1/2"]
[WhiteTitle "IM"]
[BlackTitle "GM"]
[WhiteElo "2418"]
[BlackElo "2527"]
[WhiteTeam "Vandoeuvre Echecs"]
[BlackTeam "C'Chartres Echecs"]
[WhiteFideId "620246"]
[BlackFideId "708402"]
[EventDate "2021.06.24"]

1. d4 e6 2. c4 f5 3. g3 Nf6 4. Bg2 d5 5. Nh3 Bd6 6. O-O O-O 7. b3 dxc4 8. bxc4
c5 9. e3 e5 10. d5 e4 11. Bb2 Nbd7 12. Nd2 Ne5 13. Nf4 g5 14. Nh5 g4 15. Nxf6+
Qxf6 16. Nb3 h5 17. Qc2 Bd7 18. Nc1 h4 19. Rd1 Rf7 20. Ne2 Qh6 21. Bxe5 Bxe5 22.
Rab1 Qa6 23. Rdc1 Ba4 24. Qd2 Rd8 25. Nf4 Rh7 26. Qe2 Bd7 27. Rd1 Ba4 28. Rdc1
hxg3 29. fxg3 Bxf4 30. exf4 Qf6 31. Bf1 Qd4+ 32. Kh1 Rd6 33. h4 a6 34. Rb2 Rc7
35. Rd2 Qf6 36. Qe3 Bd7 37. Rb1 b6 1/2-1/2

[Event "TCh-FRA Top 12 2021"]
[Site "Chalons en Champagne FRA"]
[Date "2021.07.01"]
[Round "8.1"]
[Board "6"]
[White "Daulyte-Cornette, Deimante"]
[Black "Adrian, Claude"]
[Result "1-0"]
[WhiteTitle "IM"]
[BlackTitle "IM"]
[WhiteElo "2394"]
[BlackElo "2240"]
[WhiteTeam "C'Chartres Echecs"]
[BlackTeam "Vandoeuvre Echecs"]
[WhiteFideId "12802859"]
[BlackFideId "601071"]
[EventDate "2021.06.24"]

1. e4 c5 2. Nf3 g6 3. d4 cxd4 4. Qxd4 Nf6 5. e5 Nc6 6. Qa4 Nd5 7. Qb3 Nb6 8. Bf4
Bg7 9. Nc3 O-O 10. O-O-O d6 11. exd6 Be6 12. Qa3 exd6 13. Bxd6 Qf6 14. Bd3 Rfc8
15. Rhe1 Bf5 16. Ne4 Bxe4 17. Rxe4 Rd8 18. Bc5 Rac8 19. Kb1 Rd5 20. Rde1 h6 21.
Re8+ Rxe8 22. Rxe8+ Kh7 23. Be3 Na4 24. Bc1 b5 25. Qb3 a6 26. Qxd5 Nc3+ 27. bxc3
Qxc3 28. Bxg6+ Kxg6 29. Nh4+ Kh7 30. Qc5 Qf6 31. Nf3 1-0

[Event "TCh-FRA Top 12 2021"]
[Site "Chalons en Champagne FRA"]
[Date "2021.07.01"]
[Round "8.1"]
[Board "7"]
[White "Mathieu, Phileas"]
[Black "Devallee, Jeremie"]
[Result "0-1"]
[WhiteTitle "FM"]
[BlackTitle "FM"]
[WhiteElo "2240"]
[BlackElo "2220"]
[WhiteTeam "Vandoeuvre Echecs"]
[BlackTeam "C'Chartres Echecs"]
[WhiteFideId "36048410"]
[BlackFideId "665240"]
[EventDate "2021.06.24"]

1. e4 Nf6 2. e5 Nd5 3. c4 Nb6 4. d4 d6 5. exd6 cxd6 6. Nc3 g6 7. Be3 Bg7 8. Rc1
O-O 9. b3 d5 10. c5 e5 11. cxb6 Nc6 12. Nge2 exd4 13. Nxd4 Bxd4 14. Bxd4 Re8+
15. Ne2 Qh4 16. Bb2 axb6 17. a3 d4 18. Qd2 Bf5 19. Kd1 Be6 20. Qd3 Qxf2 21. Qg3
Qf5 22. Nf4 Bxb3+ 23. Qxb3 Qxf4 24. Qf3 Qd6 25. Bc4 Re7 26. Qd5 Qc7 27. Rf1 Rd8
28. Qf3 Qd7 29. Bb5 Re3 30. Qf4 Rde8 31. Rc2 R8e7 32. Rd2 Qd5 33. Bxc6 Qb3+ 34.
Rc2 d3 35. Ba4 dxc2+ 36. Kc1 Re1+ 37. Rxe1 Rxe1+ 38. Kd2 Rd1+ 0-1

[Event "TCh-FRA Top 12 2021"]
[Site "Chalons en Champagne FRA"]
[Date "2021.07.01"]
[Round "8.1"]
[Board "8"]
[White "Martsynovskaya, Marina"]
[Black "Thomas, Anysia"]
[Result "1-0"]
[WhiteTitle "WIM"]
[BlackTitle "WFM"]
[WhiteElo "2046"]
[BlackElo "2175"]
[WhiteTeam "C'Chartres Echecs"]
[BlackTeam "Vandoeuvre Echecs"]
[WhiteFideId "609218"]
[BlackFideId "670472"]
[EventDate "2021.06.24"]

1. e4 c5 2. Nf3 g6 3. d4 cxd4 4. Nxd4 Nc6 5. Nc3 Bg7 6. Be3 Nf6 7. Nb3 O-O 8.
Be2 a5 9. a4 d5 10. exd5 Nb4 11. Bf3 Bg4 12. Bxg4 Nxg4 13. Qxg4 Nxc2+ 14. Ke2
Nxa1 15. Rxa1 Bxc3 16. bxc3 Qxd5 17. c4 Qe5 18. Qd4 Qf5 19. f3 Rfd8 20. Qe4 Qf6
21. Rb1 Qd6 22. Nc5 Qxh2 23. Kf2 Re8 24. Rxb7 Qd6 25. Qd4 Qh2 26. Nd7 Ra6 27. c5
Re6 28. Bd2 Qh1 29. Bc3 f6 30. Qc4 Kg7 31. Qxe6 Qh4+ 32. Kg1 Qxa4 33. Nxf6 1-0

[Event "TCh-FRA Top 12 2021"]
[Site "Chalons en Champagne FRA"]
[Date "2021.07.01"]
[Round "8.2"]
[Board "1"]
[White "Barbot, Pierre1"]
[Black "Kirk, Ezra"]
[Result "1/2-1/2"]
[WhiteTitle "IM"]
[BlackTitle "IM"]
[WhiteElo "2443"]
[BlackElo "2447"]
[WhiteTeam "Grasse Echecs"]
[BlackTeam "Echiquier Agenais"]
[WhiteFideId "663727"]
[BlackFideId "600067"]
[EventDate "2021.06.24"]

1. e4 c5 2. Nf3 Nc6 3. d4 cxd4 4. Nxd4 g6 5. c4 Bg7 6. Be3 Nf6 7. Nc3 O-O 8. Be2
d6 9. O-O Bd7 10. f3 Nxd4 11. Bxd4 a5 12. b3 Bc6 13. Nd5 1/2-1/2

[Event "TCh-FRA Top 12 2021"]
[Site "Chalons en Champagne FRA"]
[Date "2021.07.01"]
[Round "8.2"]
[Board "3"]
[White "Apicella, Manuel"]
[Black "Fantinel, Thibault"]
[Result "1/2-1/2"]
[WhiteTitle "GM"]
[BlackTitle "IM"]
[WhiteElo "2506"]
[BlackElo "2380"]
[WhiteTeam "Grasse Echecs"]
[BlackTeam "Echiquier Agenais"]
[WhiteFideId "600164"]
[BlackFideId "663395"]
[EventDate "2021.06.24"]

1. e4 c5 2. Nf3 e6 3. d4 cxd4 4. Nxd4 Nc6 5. Nc3 Qc7 6. Be2 a6 7. O-O Nf6 8. Be3
Bb4 9. Na4 Be7 10. Nxc6 bxc6 11. Nb6 Rb8 12. Nxc8 Qxc8 13. Bd4 c5 14. Be5 Rb6
15. b3 Nxe4 16. Bxg7 Rg8 17. Bb2 Bf6 18. Bxf6 Nxf6 19. Bf3 Qc7 20. Qd2 Ke7 21.
Rad1 Rd6 22. Qf4 Rc8 23. Qh4 a5 24. h3 Rb8 25. c3 Rxd1 26. Rxd1 Qe5 27. Rd3 Qc7
28. Be2 Rg8 29. Re3 d5 30. g3 Qd6 31. Bd3 Rc8 32. Qg5 Rg8 33. Qh4 Rc8 34. Qg5
Rg8 35. Qh4 d4 36. c4 Rc8 37. Re4 Rg8 38. Re3 1/2-1/2

[Event "TCh-FRA Top 12 2021"]
[Site "Chalons en Champagne FRA"]
[Date "2021.07.01"]
[Round "8.2"]
[Board "4"]
[White "Louis, Thibault"]
[Black "Loiseau, Quentin"]
[Result "0-1"]
[WhiteTitle "FM"]
[BlackTitle "IM"]
[WhiteElo "2269"]
[BlackElo "2459"]
[WhiteTeam "Echiquier Agenais"]
[BlackTeam "Grasse Echecs"]
[WhiteFideId "681369"]
[BlackFideId "665274"]
[EventDate "2021.06.24"]

1. e4 c6 2. d4 d5 3. e5 Bf5 4. h4 h6 5. g4 Bd7 6. h5 c5 7. c3 e6 8. f4 Nc6 9.
Nf3 Qb6 10. Rh2 O-O-O 11. Be3 f6 12. Rd2 fxe5 13. fxe5 g6 14. hxg6 Nge7 15. dxc5
Qc7 16. Na3 Nxe5 17. Nxe5 Qxe5 18. Qe2 Nxg6 19. O-O-O Be7 20. Qd3 Qg3 21. Rg2
Qxe3+ 22. Qxe3 Bg5 23. Qxg5 hxg5 24. c4 Nf4 25. Rg1 Rh2 26. Kb1 Ba4 27. b3 Be8
28. Ka1 d4 29. Bd3 Nxd3 30. Rxd3 e5 31. Re1 Bg6 32. Rdd1 Rf8 33. Rf1 Rxf1 34.
Rxf1 a6 35. Rf6 d3 36. Nb1 Rh1 37. Kb2 Rxb1+ 38. Kxb1 d2+ 0-1

[Event "TCh-FRA Top 12 2021"]
[Site "Chalons en Champagne FRA"]
[Date "2021.07.01"]
[Round "8.2"]
[Board "5"]
[White "Travadon, Loic"]
[Black "Boukhris-Ferre, Yacine"]
[Result "0-1"]
[WhiteTitle "IM"]
[WhiteElo "2415"]
[BlackElo "2185"]
[WhiteTeam "Grasse Echecs"]
[BlackTeam "Echiquier Agenais"]
[WhiteFideId "26092131"]
[BlackFideId "697087"]
[EventDate "2021.06.24"]

1. d4 Nf6 2. c4 e5 3. dxe5 Ne4 4. Qd4 Bb4+ 5. Kd1 f5 6. exf6 Nxf6 7. Bg5 O-O 8.
a3 Nc6 9. Bxf6 Rxf6 10. Qd5+ Kh8 11. c5 Ba5 12. b4 Rf4 13. e3 Rxf2 14. Nf3 d6
15. Ke1 Rb2 16. Bc4 Bxb4+ 17. axb4 Nxb4 18. Ng5 Be6 19. Nxe6 Qh4+ 20. g3 Nc2+
21. Kd2 Nxa1+ 22. Kc3 Rc2+ 23. Kd3 Qg4 24. Nd2 c6 25. Qg5 Rxc4 26. Nxc4 Qxe6 27.
Rxa1 dxc5 28. Qe5 Rd8+ 29. Kc3 Qd7 30. Qxc5 b5 31. Ne5 Qd2+ 32. Kb3 Kg8 33. e4
a5 34. Qc2 Qb4+ 35. Ka2 Rd2 36. Rc1 Rxc2+ 37. Rxc2 Qxe4 0-1

[Event "TCh-FRA Top 12 2021"]
[Site "Chalons en Champagne FRA"]
[Date "2021.07.01"]
[Round "8.2"]
[Board "6"]
[White "Domenech, Vianney"]
[Black "Milliet, Sophie"]
[Result "1/2-1/2"]
[BlackTitle "IM"]
[WhiteElo "2265"]
[BlackElo "2407"]
[WhiteTeam "Echiquier Agenais"]
[BlackTeam "Grasse Echecs"]
[WhiteFideId "656089"]
[BlackFideId "623725"]
[EventDate "2021.06.24"]

1. d4 d5 2. Nf3 Bf5 3. Bf4 e6 4. e3 Bd6 5. Nbd2 Bxf4 6. exf4 Qd6 7. g3 Nf6 8.
Bg2 O-O 9. O-O c5 10. c3 Nc6 11. dxc5 Qxc5 12. Nb3 Qb6 13. Ne5 Rfd8 14. Bf3 Rac8
15. Qe2 a5 16. Rfd1 a4 17. Nd4 Nxd4 18. Rxd4 a3 19. Rb4 Qa6 20. c4 Be4 21. b3
Bxf3 1/2-1/2

[Event "TCh-FRA Top 12 2021"]
[Site "Chalons en Champagne FRA"]
[Date "2021.07.01"]
[Round "8.2"]
[Board "7"]
[White "Debray, Christopher"]
[Black "Roubert, Emile"]
[Result "1-0"]
[WhiteTitle "IM"]
[WhiteElo "2367"]
[BlackElo "2067"]
[WhiteTeam "Grasse Echecs"]
[BlackTeam "Echiquier Agenais"]
[WhiteFideId "630810"]
[BlackFideId "680311"]
[EventDate "2021.06.24"]

1. d4 d5 2. c4 e6 3. Nf3 c5 4. e3 Nc6 5. Nc3 Nf6 6. a3 cxd4 7. exd4 g6 8. c5 Bg7
9. Bb5 O-O 10. O-O Bd7 11. Bxc6 bxc6 12. Bf4 Re8 13. h3 Ne4 14. Qc2 Nxc3 15.
Qxc3 f6 16. Rfe1 a5 17. b4 Ra7 18. Nd2 Qe7 19. Bd6 Qf7 20. Nb3 axb4 21. axb4
Rea8 22. Ra5 Bc8 23. Rea1 Rxa5 24. Rxa5 Rxa5 25. Nxa5 Qd7 26. b5 cxb5 27. Qb4
Bb7 28. Nxb7 Qxb7 29. Qa5 f5 30. Qb6 1-0

[Event "TCh-FRA Top 12 2021"]
[Site "Chalons en Champagne FRA"]
[Date "2021.07.01"]
[Round "8.2"]
[Board "8"]
[White "Gennesseaux, Gabrielle"]
[Black "Janzelj, Lara"]
[Result "1/2-1/2"]
[BlackTitle "WIM"]
[WhiteElo "1799"]
[BlackElo "2185"]
[WhiteTeam "Echiquier Agenais"]
[BlackTeam "Grasse Echecs"]
[WhiteFideId "20686684"]
[BlackFideId "14608391"]
[EventDate "2021.06.24"]

1. e4 d5 2. exd5 Qxd5 3. Nc3 Qd6 4. d4 Nf6 5. Nge2 a6 6. Bf4 Qb6 7. Qd3 g6 8.
Ng3 Nc6 9. O-O-O Nb4 10. Qc4 c6 11. a3 Nbd5 12. Nxd5 Nxd5 13. Bg5 h6 14. Be3 Be6
15. Qd3 Bg7 16. h4 Nxe3 17. fxe3 h5 18. Qc3 O-O 19. Bc4 Qc7 20. Ne4 Bg4 21. Rdf1
c5 22. Qb3 e6 23. Nxc5 Rac8 24. Bd3 Qg3 25. Be4 b6 26. Nxa6 Bxd4 27. Bf3 Bg7 28.
Kb1 Bxf3 29. gxf3 Rfd8 30. Qb4 Qg2 31. Qe4 Qe2 32. Nb4 Rc4 33. Re1 Rd1+ 34. Ka2
Rxe4 35. Rxe2 Rxb4 36. Rxd1 Rxb2+ 37. Ka1 Rxc2+ 38. Kb1 Rxe2 1/2-1/2

[Event "TCh-FRA Top 12 2021"]
[Site "Chalons en Champagne FRA"]
[Date "2021.07.01"]
[Round "8.3"]
[Board "1"]
[White "Dourerassou, Jonathan"]
[Black "Heimann, Andreas"]
[Result "0-1"]
[WhiteTitle "GM"]
[BlackTitle "GM"]
[WhiteElo "2477"]
[BlackElo "2599"]
[WhiteTeam "US Villejuif Echecs"]
[BlackTeam "Philidor Mulhouse"]
[WhiteFideId "628050"]
[BlackFideId "24624632"]
[EventDate "2021.06.24"]

1. e4 e5 2. Nf3 Nc6 3. Bb5 Nf6 4. O-O Nxe4 5. d4 Nd6 6. dxe5 Nxb5 7. a4 d6 8. e6
Bxe6 9. axb5 Ne5 10. Nd4 Be7 11. f4 Nc4 12. Qe2 Nb6 13. Nxe6 fxe6 14. Qh5+ g6
15. Qh6 Bf6 16. Nc3 Qd7 17. Ne4 Bd4+ 18. Kh1 Qxb5 19. Re1 Qh5 20. Qxh5 gxh5 21.
c3 Bg7 22. Ng5 O-O 23. Nxe6 Rf7 24. Ra5 c5 25. Ng5 Rff8 26. Kg1 a6 27. Re7 Rab8
28. Ne6 Rf7 29. Rxf7 Kxf7 30. Ng5+ Kg6 31. Ne4 Bf8 32. Kf2 Re8 33. Nd2 Kf5 34.
Nf3 Bh6 35. g3 Nd5 36. Bd2 Nf6 37. Nh4+ Kg4 38. Ra4 Kh3 39. Kf1 Re4 40. Rxe4
Nxe4 41. Be1 Kxh2 42. Nf5 Bf8 43. Ke2 b5 44. Kf3 Nf6 45. b4 d5 46. Bd2 Kh3 47.
Be1 Ng4 48. Bd2 Nh2+ 49. Kf2 Ng4+ 50. Kf3 Nf6 51. Be1 Ne4 0-1

[Event "TCh-FRA Top 12 2021"]
[Site "Chalons en Champagne FRA"]
[Date "2021.07.01"]
[Round "8.3"]
[Board "2"]
[White "Bluebaum, Matthias"]
[Black "Sochacki, Christophe"]
[Result "1-0"]
[WhiteTitle "GM"]
[BlackTitle "IM"]
[WhiteElo "2669"]
[BlackElo "2494"]
[WhiteTeam "Philidor Mulhouse"]
[BlackTeam "US Villejuif Echecs"]
[WhiteFideId "24651516"]
[BlackFideId "662569"]
[EventDate "2021.06.24"]

1. d4 f5 2. Nf3 Nf6 3. c4 g6 4. e3 Bg7 5. b4 O-O 6. Be2 d6 7. Bb2 e6 8. O-O Qe7
9. Qb3 Kh8 10. Nc3 e5 11. dxe5 dxe5 12. Nd5 Nxd5 13. cxd5 Rd8 14. Rfd1 a5 15. b5 1-0

[Event "TCh-FRA Top 12 2021"]
[Site "Chalons en Champagne FRA"]
[Date "2021.07.01"]
[Round "8.3"]
[Board "3"]
[White "Eden, James"]
[Black "Istratescu, Andrei"]
[Result "1/2-1/2"]
[WhiteTitle "IM"]
[BlackTitle "GM"]
[WhiteElo "2294"]
[BlackElo "2553"]
[WhiteTeam "US Villejuif Echecs"]
[BlackTeam "Philidor Mulhouse"]
[WhiteFideId "666491"]
[BlackFideId "1200372"]
[EventDate "2021.06.24"]

1. e4 c5 2. c3 Nf6 3. e5 Nd5 4. Bc4 Nb6 5. Bb3 c4 6. Bc2 Nc6 7. Nf3 Qc7 8. O-O
Nxe5 9. Nxe5 Qxe5 10. Re1 Qc7 11. a4 e6 12. d3 cxd3 13. Qxd3 Be7 14. Na3 a6 15.
a5 Nd5 16. Bb3 Nf6 17. Nc4 O-O 18. Bg5 d6 19. Bc2 g6 20. Nb6 Rb8 21. Qd4 Kg7 22.
f4 h6 23. Bh4 Qd8 24. Ba4 Kh7 25. Rad1 Bd7 26. Nxd7 Nxd7 27. Bxe7 Qxe7 28. Qxd6
Qxd6 29. Rxd6 Nf6 30. Red1 Rfc8 31. Bb3 Rc5 32. Rb6 Rxa5 33. Rd4 Kg7 34. Rdb4
Nd5 35. Rxb7 Nxb4 36. Rxb8 Nd3 37. g3 1/2-1/2

[Event "TCh-FRA Top 12 2021"]
[Site "Chalons en Champagne FRA"]
[Date "2021.07.01"]
[Round "8.3"]
[Board "4"]
[White "Gajewski, Grzegorz"]
[Black "Dutreuil, Raphael"]
[Result "1-0"]
[WhiteTitle "GM"]
[BlackTitle "FM"]
[WhiteElo "2603"]
[BlackElo "2309"]
[WhiteTeam "Philidor Mulhouse"]
[BlackTeam "US Villejuif Echecs"]
[WhiteFideId "1116207"]
[BlackFideId "20630999"]
[EventDate "2021.06.24"]

1. d4 Nf6 2. c4 e6 3. Nf3 Bb4+ 4. Bd2 Bxd2+ 5. Qxd2 d5 6. g3 O-O 7. Bg2 c6 8.
Na3 Ne4 9. Qc2 Qa5+ 10. Nd2 e5 11. Bxe4 dxe4 12. Qxe4 Qb4 13. O-O-O exd4 14.
Qxd4 c5 15. Qd6 Be6 16. Ne4 Na6 17. Qd3 h6 18. f4 Qa5 19. f5 Nb4 20. Qf3 Bxc4
21. Nxc4 Qxa2 22. Ncd6 Qa1+ 23. Kd2 Qxb2+ 24. Ke1 Nc2+ 25. Kf2 Nd4 26. Qg4 g6
27. Rd2 Qb4 28. e3 1-0

[Event "TCh-FRA Top 12 2021"]
[Site "Chalons en Champagne FRA"]
[Date "2021.07.01"]
[Round "8.3"]
[Board "5"]
[White "Caille, Hugo"]
[Black "Sokolov, Andrei1"]
[Result "1/2-1/2"]
[BlackTitle "GM"]
[WhiteElo "2182"]
[BlackElo "2490"]
[WhiteTeam "US Villejuif Echecs"]
[BlackTeam "Philidor Mulhouse"]
[WhiteFideId "20681348"]
[BlackFideId "627089"]
[EventDate "2021.06.24"]

1. e4 c5 2. Nf3 Nc6 3. d3 g6 4. g3 Bg7 5. Bg2 d6 6. c3 Nf6 7. O-O O-O 8. Re1 Bg4
9. h3 Bxf3 10. Qxf3 Rc8 11. Na3 e6 12. Be3 a6 13. Qe2 b5 14. Nc2 Nd7 15. d4 cxd4
16. Nxd4 Nxd4 17. cxd4 Rc4 18. Red1 Qc7 19. b3 Rc2 20. Rd2 Rc3 21. Rd3 Rc2 22.
Rd2 Rc3 23. Rd3 Rc2 1/2-1/2

[Event "TCh-FRA Top 12 2021"]
[Site "Chalons en Champagne FRA"]
[Date "2021.07.01"]
[Round "8.3"]
[Board "6"]
[White "Gatineau, Yovann"]
[Black "Saatdjian, Stephane"]
[Result "1-0"]
[WhiteTitle "IM"]
[WhiteElo "2401"]
[BlackElo "2131"]
[WhiteTeam "Philidor Mulhouse"]
[BlackTeam "US Villejuif Echecs"]
[WhiteFideId "26028999"]
[BlackFideId "644480"]
[EventDate "2021.06.24"]

1. d4 Nf6 2. Nf3 g6 3. c4 c5 4. d5 b5 5. Qc2 Na6 6. a3 b4 7. e4 d6 8. Bd3 Bg7 9.
e5 dxe5 10. Nxe5 O-O 11. O-O e6 12. Nc6 Qc7 13. axb4 Nxb4 14. Nxb4 cxb4 15. Bd2
exd5 16. Bxb4 Rd8 17. Ba5 Qd7 18. Bxd8 Qxd8 19. cxd5 Bb7 20. Nc3 Nxd5 21. Be4
Nxc3 22. Bxb7 Rb8 23. Bc6 Qb6 24. bxc3 Qxc6 25. Rxa7 Qxc3 26. Qa2 Qb3 27. Qxb3
Rxb3 28. Ra8+ Bf8 29. Rc1 Kg7 30. g3 h5 31. Rc4 Rf3 32. Kg2 Rf5 33. Rc3 Bd6 34.
Rd8 Be5 35. Rc5 Bf6 36. Rxf5 Bxd8 37. Rd5 Bf6 38. Kf3 Bb2 39. Ke4 Kf6 40. Rd6+
Ke7 41. Rb6 Bc3 42. f4 Kf8 43. Rc6 Bb2 44. Kd5 Kg7 45. Rc2 Ba1 46. Kd6 Kf6 47.
Kd7 Kf5 48. Rc5+ Kg4 49. Rg5+ Kh3 50. Ke7 f6 51. Rxg6 Kxh2 52. Ke6 Kh3 53. Kf5
Bc3 54. Ke4 Kg2 55. f5 Be5 56. g4 hxg4 57. Rxg4+ Kf2 58. Rg6 Ke2 59. Kd5 1-0

[Event "TCh-FRA Top 12 2021"]
[Site "Chalons en Champagne FRA"]
[Date "2021.07.01"]
[Round "8.3"]
[Board "7"]
[White "Maatoug, Redwan"]
[Black "Zachary, Matheo"]
[Result "0-1"]
[BlackTitle "FM"]
[WhiteElo "2202"]
[BlackElo "2334"]
[WhiteTeam "US Villejuif Echecs"]
[BlackTeam "Philidor Mulhouse"]
[WhiteFideId "629162"]
[BlackFideId "26024691"]
[EventDate "2021.06.24"]

1. e4 c5 2. Nf3 Nc6 3. Bb5 Nf6 4. Nc3 g6 5. O-O Bg7 6. Re1 O-O 7. a4 d6 8. h3 e5
9. d3 h6 10. Bc4 Kh7 11. Nd5 Nxd5 12. Bxd5 Ne7 13. Bb3 f5 14. c3 Bd7 15. Bc2 Rc8
16. Bd2 a6 17. b4 cxb4 18. cxb4 d5 19. Rc1 fxe4 20. dxe4 d4 21. Bb3 Rxc1 22.
Bxc1 Qb6 23. Qd2 g5 24. Nh2 Qg6 25. Ba3 b5 26. a5 h5 27. Qd3 Bh6 28. Bc1 Rc8 29.
Bd2 g4 30. hxg4 hxg4 31. Bxh6 Rc3 32. Qb1 Qxh6 33. Nf1 Ng6 34. g3 Nf8 35. Nh2
Qd2 36. Rd1 Qg5 37. Qa2 Kg7 38. Kg2 Qg6 39. Bd5 Ne6 40. Qe2 Nc7 41. Bb7 Ne8 42.
Rd3 Rc7 43. Ba8 Nf6 44. Rd1 Be6 45. Re1 Bc4 46. Qd2 Rc8 47. Bb7 Rh8 48. Qc1 Qh5
49. Rh1 Be2 50. Qc7+ Kg6 51. Bc8 Bf3+ 52. Kg1 Bxe4 53. Be6 Rh7 0-1

[Event "TCh-FRA Top 12 2021"]
[Site "Chalons en Champagne FRA"]
[Date "2021.07.01"]
[Round "8.3"]
[Board "8"]
[White "Navrotescu, Andreea"]
[Black "Dieuleveut, Floriane"]
[Result "1-0"]
[WhiteTitle "WIM"]
[WhiteElo "2253"]
[BlackElo "1850"]
[WhiteTeam "Philidor Mulhouse"]
[BlackTeam "US Villejuif Echecs"]
[WhiteFideId "675946"]
[BlackFideId "604208"]
[EventDate "2021.06.24"]

1. d4 Nf6 2. c4 g6 3. g3 d6 4. Bg2 Bg7 5. Nf3 O-O 6. O-O Nbd7 7. Nc3 c5 8. e4
Qb6 9. dxc5 Nxc5 10. Qe2 Bd7 11. Bg5 Bc6 12. Nd5 Bxd5 13. exd5 h6 14. Be3 Rfe8
15. Rab1 Qc7 16. b4 Ncd7 17. Nd4 Nb6 18. Rfc1 a6 19. Nb3 Nbd7 20. c5 Nb8 21. Na5
dxc5 22. Qd2 Qd7 23. bxc5 Rd8 24. Nxb7 Rc8 25. c6 Qc7 26. Bf4 e5 27. dxe6 Qe7
28. exf7+ Qxf7 29. Nd6 Qe6 30. Nxc8 1-0